01342nam a2200325Ia 4500001000700000003000400007005001700011008004100028040000900069082001700078111010600095245013400201260010900335300001100444500003100455503001400486650002800500650002700528650004200555650003000597650002800627650002000655711011000675901001700785902000600802905006300808942001100871999001900882952011500901Z_6330OSt20221110124334.0220601s9999 xx 000 0 und d aCHAP a636.9322 C66 aS.A.G. Dirección General de Avicultura y Especies Menosre. Programa Nacional de Cunicultura9144469 aCompendio básico de cunicultura / S.A.G. Dirección General de Avicultura y Especies Menosre. Programa Nacional de Cunicultura aMéxico : S.A.G. Dirección General de Avicultura y Especies Menosre. Programa Nacional de Cunicultura a165 p. aPáginas faltantes: 75-76 aej.1: s/n a1. Cunicultura 9154716 aConejos - Alojamiento  aConejos - Alimentos y alimentación  aConejos - Reproducción  aConejos - Enfermedades  aConejos - Razas aS.A.G. Dirección General de Avicultura y Especies Menosre. Programa Nacional de Cunicultura Ì9183533 a636.9322 C66 aM a5232271974 mx an 8215113311spa16 c12ddc c217116d217116 00102ddc4151708GRALaZbZd2013-04-05l0o636.9322 C66pz_6048r2022-06-02 00:00:00t1w2022-06-02yLIBRO